Pair-onyms II Quiz Stats

Quiz Updated Feb 3, 2012

Also try: Pair-onyms
Challenge
Share
Tweet
Embed
Score 0/30 Timer 05:00
1 Play Today
Pair-onym Actual Pair % Correct
Unintelligent and More UnintelligentDumb and Dumber
96.1%
Embraces and SmoochesHugs and Kisses
95.7%
Misplaced and LocatedLost and Found
81.2%
Twigs and RocksSticks and Stones
75.9%
Ajar and ClosedOpen and Shut
75.5%
Animal Flesh and Starchy TubersMeat and Potatoes
67.1%
Hand Over and Grab BackGive and Take
64.8%
Lifelessness and TariffsDeath and Taxes
64.6%
Unevens and ConclusionsOdds and Ends
63.7%
Attempted and VerifiableTried and True
63.2%
Ditty and FoxtrotSong and Dance
61.4%
Sneakers and HosieryShoes and Socks
59.8%
Breaking Wave and Artificial GrassSurf and Turf
58.1%
Paid Athletes and PrisonersPros and Cons
56.7%
Niceness and VillainyGood and Evil
50.9%
Pair-onym Actual Pair % Correct
Ordinance and Logical ArrangementLaw and Order
49.2%
Absolve and OverlookForgive and Forget
44.5%
Skin and Bodily LiquidFlesh and Blood
43.2%
Urine and Pickling SolutionPiss and Vinegar
41.1%
Dorito and ValleyChip and Dale
40.7%
Fresh and BetterNew and Improved
39.3%
Fleet-Footed and Cheesed-OffFast and Furious
38.7%
Pokey and ConstantSlow and Steady
38.1%
Eat and SkedaddleDine and Dash
36.3%
Undiluted and EasyPure and Simple
32.8%
Steamy and SteamedHot and Bothered
27.5%
Segment and Plot of LandPart and Parcel
24.8%
Packing and HostileArmed and Dangerous
21.9%
Stopper and Staged DramaPlug and Play
13%
Street and TrailRoad and Track
12.1%

You're not logged in!

Compare scores with friends on all Sporcle quizzes.
Join for Free
OR
Log In

You Might Also Like...

Show Comments

Extras

Top Quizzes Today


Score Distribution

Your Account Isn't Verified!

In order to create a playlist on Sporcle, you need to verify the email address you used during registration. Go to your Sporcle Settings to finish the process.

Report this User

Report this user for behavior that violates our Community Guidelines.

Details: